000
00247nam a2200097Ia 4500
008
170619s9999 xx 000 0 und d
100
_a
Chauhan- D S
245
0
_a
Human anatomy (Lower limb- abdomen & pelvis)
260
_b
New Delhi: C B S
260
_c
2006
546
_a
ENGLISH
999
_c
18198
_d
18198